Les pays les plus écologiques - Statistiques

Statistiques générales
  • Ce quiz a été pris 48 fois
  • Le résultat moyen est 7 sur 10
Statistiques - réponses
Top Pays % Correct
7 Norvège
98%
6 Suède
98%
4 Finlande
93%
10 Danemark
84%
9 Suisse
77%
3 Allemagne
59%
8 Autriche
57%
2 Luxembourg
57%
1 Estonie
45%
5 Royaume-Uni
41%
Aucun quiz correspondant
Distribution des résultats
% des personnes avec chaque résultat
Percentile par nombre de réponses
Votre historique - résultats
Vous n’avez pas pris ce quiz